| 000 | 00581nam a2200181Ia 4500 | ||
|---|---|---|---|
| 008 | 090123s9999 xx 000 0 und d | ||
| 082 | _b29932 | ||
| 100 | _aखराट संभाजी | ||
| 245 | _aम.फुले आणि निर्मिक | ||
| 250 | _a1 | ||
| 260 | _bघरकुल प्रकाशन | ||
| 300 | _a88 | ||
| 600 | _aखराट संभाजी | ||
| 630 | _aम.फुले आणि निर्मिक | ||
| 700 | _aखराट संभाजी | ||
| 730 | _aम.फुले आणि निर्मिक | ||
| 942 | _cBOOK | ||
| 999 |
_c68861 _d68861 |
||